00000000nam##2200000za#4500
0019.639575
003CaOODSP
00520210624222235
007cr |||||||||||
008150407|2000||||xxc|||||o    f|0| 0 fre|d
040 |aCaOODSP|bfre
043 |an-cn---
0861 |aM92-232/2000F-PDF
1101 |aCanada. |bRessources naturelles Canada.
24510|aChauffer votre immeuble avec l'énergie solaire : |h[ressource électronique]|befficace, simple et économique
2461 |aÉnergies renouvelables
260 |aOttawa - Ontario : |bRessources naturelles Canada |cc2000.
300 |a8p.|bfigures en couleur, photographies
500 |aEn tête du titre : Énergies renouvelables.
590 |a12-15-Supp|b2012-04-13
69107|aÉnergie solaire|2gcpds
77508|tHeating your building with solar energy : |w(CaOODSP)9.695439
7760#|tChauffer votre immeuble avec l'énergie solaire : |w(CaOODSP)9.681587
85640|ahttp://publications.gc.ca|qPDF|s1.04 Mo|uhttps://publications.gc.ca/collections/Collection/M92-232-2000F.pdf
986 |aM27-01-1360F